| 000 | 01553nam a2200349 a 4500 | ||
|---|---|---|---|
| 999 |
_c382697 _d382697 |
||
| 003 | BLK | ||
| 005 | 20250405114742.0 | ||
| 008 | 202008b bul|||||r ||||||| ||bul|| | ||
| 020 | _a9786197350494 | ||
| 040 | _aBLK | ||
| 041 |
_aBUL _cBUL |
||
| 072 | 7 |
_2bullib _aН85 _xДетска художествена литература Н |
|
| 080 |
_aАнглийска литература _b821.111 _x-93-34 _z821.111-93-34 |
||
| 100 | 1 |
_aУлф, Вирджиния _eпърви автор _9367347 |
|
| 139 |
_aУлф, Вирджиния _bУ 54 |
||
| 245 | 1 | 0 |
_aПердето на бавачката Лъгтън _cВирджиния Улф; прев.Иглика Василева; ил. Свобода Цекова. |
| 257 | _aGBR | ||
| 260 |
_bЛист _c2019 _aСофия _fБлагоевград : Смилков |
||
| 300 |
_c21 см _a45 с. _bс цв. ил. |
||
| 380 | _aDX | ||
| 490 |
_9209350 _aПоредица Детски шедьоври от велики писатели |
||
| 500 | _aОриг. загл.: Nurse Lugton's curtain / Virginia Woolf. - Биогр. данни за авт. отбелязани на 2-ра кор. | ||
| 653 | _aлитература за деца | ||
| 653 | _aдетска литература | ||
| 659 | _aН | ||
| 700 |
_9279681 _aВасилева, Иглика Илиева _eпрев. от англ. |
||
| 700 |
_9425629 _aЦекова, Свобода _eил. |
||
| 852 |
_aЦб 305926 _bЦб |
||
| 942 |
_cKNG _n0 _08 _s1 |
||
| 944 |
_aCR _c2020-08-17 _lГрета Цуфелде _k30537 |
||
| 999 | _d382697 | ||